|
|
|
|
| LEADER |
00000nam0a2200000 4500 |
| 001 |
292281 |
| 005 |
20231102000459.0 |
| 035 |
|
|
|a (RuTPU)RU\TPU\book\316896
|
| 090 |
|
|
|a 292281
|
| 100 |
|
|
|a 20150421d1976 k y0rusy50 ca
|
| 101 |
0 |
|
|a rus
|
| 102 |
|
|
|a RU
|
| 105 |
|
|
|a a z 001zy
|
| 200 |
1 |
|
|a Радиационная прочность конструкционного графита
|f В. Н. Барабанов, Ю. С. Виргильев
|
| 210 |
|
|
|a Москва
|c Атомиздат
|d 1976
|
| 215 |
|
|
|a 79 с.
|c ил.
|
| 320 |
|
|
|a Библиогр.: с. 76-79.
|
| 606 |
1 |
|
|a Ядерные реакторы
|x Материалы
|x Действие ионизирующих излучений
|2 stltpush
|3 (RuTPU)RU\TPU\subj\21648
|9 46604
|
| 610 |
1 |
|
|a радиационная прочность
|
| 610 |
1 |
|
|a конструкционные материалы
|
| 610 |
1 |
|
|a графит
|
| 610 |
1 |
|
|a нейтронное облучение
|
| 610 |
1 |
|
|a свойства
|
| 610 |
1 |
|
|a испытания
|
| 675 |
|
|
|a 621.039.53
|v 3
|
| 700 |
|
1 |
|a Барабанов
|b В. Н.
|g Виктор Николаевич
|
| 701 |
|
1 |
|a Виргильев
|b Ю. С.
|g Юрий Сергеевич
|
| 801 |
|
1 |
|a RU
|b 63413507
|c 20150421
|
| 801 |
|
2 |
|a RU
|b 63413507
|c 20220411
|g RCR
|
| 942 |
|
|
|c BK
|